书目信息 |
| 题名: |
告别焦虑
|
|
| 作者: | 木犁 著 | |
| 分册: | ||
| 出版信息: | 北京 台海出版社 2024.06 |
|
| 页数: | 150页 | |
| 开本: | 23cm | |
| 丛书名: | ||
| 单 册: | ||
| 中图分类: | B842.6 | |
| 科图分类: | ||
| 主题词: | 焦虑--心理调节--通俗读物 | |
| 电子资源: | ||
| ISBN: | 978-7-5168-3859-4 | |
| 000 | 00693nam0 2200229 450 | |
| 001 | 012730217 | |
| 005 | 20251022154906.83 | |
| 010 | @a978-7-5168-3859-4@dCNY59.80 | |
| 100 | @a20240927d2024 em y0chiy0120 ea | |
| 101 | 0 | @achi |
| 102 | @aCN@b110000 | |
| 105 | @ay z 000yy | |
| 106 | @ar | |
| 200 | 1 | @a告别焦虑@9gao bie jiao lv@f木犁著 |
| 210 | @a北京@c台海出版社@d2024.06 | |
| 215 | @a150页@d23cm | |
| 330 | @a本书共分十二章,内容包括:焦虑型依恋人格、回避型依恋人格、讨好型人格、高敏感人格、社交恐惧型人格等。 | |
| 606 | 0 | @a焦虑@x心理调节@j通俗读物 |
| 690 | @aB842.6@v5 | |
| 701 | 0 | @a木犁@9mu li@4著 |
| 801 | 0 | @aCN@c20250910 |
| 905 | @a河南城建学院图书馆@dB842.6@eM944@ZM944@f1 | |
| 告别焦虑/木犁著.-北京:台海出版社,2024.06 |
| 150页;23cm |
| ISBN 978-7-5168-3859-4:CNY59.80 |
| 本书共分十二章,内容包括:焦虑型依恋人格、回避型依恋人格、讨好型人格、高敏感人格、社交恐惧型人格等。 |
| ● |
| 相关链接 |
|
|
|
正题名:告别焦虑
索取号:B842.6/M944
 
预约/预借
| 序号 | 登录号 | 条形码 | 馆藏地/架位号 | 状态 | 备注 |
| 1 | 1634199 | 216341992 | 社科库509/509社科库 36排4列6层/ [索取号:B842.6/M944] | 在馆 |